000 00682nam a2200253Ia 4500
003 OSt
005 20220918164550.0
006 a|||||r|||| 00| 0
007 ta
008 220917b |||||||| |||| 00| 0 eng d
020 _a069001208X
024 _a32,547
037 _cTextual
040 _aARTS
_cARTS
_beng
041 _2eng
_aeng
082 _aO111,3N24,6, L7
100 _aMarkandaya Kamala
_919452
245 0 _aGolden honey comb
_b a novel
260 _aN.Y
_bThomas Y Crowell Company USA
_c1977
300 _ax,469p.
_ccm.
650 _aENGLISH LITERATURE
942 _hO111,3N24,6, L7
_cTEXL
_2CC
999 _c125317
_d125317